The Big Bang Theory Characters by Picture - Statistics

General Stats
  • This quiz has been taken 68 times
  • The average score is 8 of 15
Answer Stats
Picture Answer % Correct
Penny
98%
Sheldon Cooper
85%
Howard Wolowitz
72%
Amy Farrah Fowler
67%
Barry Kripke
58%
Leslie Winkle
58%
Bernadette Rostenkowski
53%
Stuart Bloom
53%
Leonard Hofstadter
52%
Wil Wheaton
50%
Rajesh Koothrappali
47%
Beverly Hofstadter
42%
Denise
13%
Alex Jensen
10%
Bertram Kibbler
10%
No matching quizzes found
Score Distribution
Percent of People with Each Score
Percentile by Number Answered
Your Score History
You have not taken this quiz